ロード中...

Pracheen Bharat mem Sangadith jeevan tr bu Krishna duttvajpeyi /

書誌詳細
第一著者: Majumdar, Ramesh Chandra
言語:Undetermined
出版事項: Sayar Viswavidyalay , 1966.
LEADER 00500nam a2200133Ia 4500
001 110789
008 170722s9999 xx 000 0 und d
100 |a Majumdar, Ramesh Chandra 
245 |a Pracheen Bharat mem Sangadith jeevan tr bu Krishna duttvajpeyi / 
260 |b Sayar Viswavidyalay ,  |c 1966. 
300 |a 380 p.  |c 22cms 
942 |c GEN 
999 |c 173278  |d 173278 
952 |0 0  |1 0  |4 0  |6 XM__2_000000000000000_D_152K6  |7 0  |8 LC1  |9 239035  |a LIB  |b LIB  |d 2017-08-12  |h LC1  |o XM.2.D 152K6  |p G9615  |r 2017-08-12  |v 8.00  |w 2017-08-12  |y GEN